Vista normal Vista MARC

Entrada Topical Term

Número de registros utilizados en: 2

001 - CONTROL NUMBER

  • control field: 14546

003 - CONTROL NUMBER IDENTIFIER

  • control field: OSt

005 - DATE AND TIME OF LATEST TRANSACTION

  • control field: 20210308130945.0

008 - FIXED-LENGTH DATA ELEMENTS

  • fixed length control field: 210308|| aca||aabn | a|a d

040 ## - CATALOGING SOURCE

  • Original cataloging agency: OSt
  • Transcribing agency: OSt

150 ## - HEADING--TOPICAL TERM

  • Topical term or geographic name entry element: Vida social y costumbres
  • Form subdivision: novela
  • Geographic subdivision: China

670 ## - SOURCE DATA FOUND

  • Source citation: Work cat.: (OSt): Gao, Xingjian, autor 14544, La montaña del alma / , 2002